FOUR STAGE OF HIGHLY EFFECTIVE CRISIS MA (Record no. 17807)

MARC details
000 -LEADER
fixed length control field 00378nam a2200145Ia 4500
008 - FIXED-LENGTH DATA ELEMENTS--GENERAL INFORMATION
fixed length control field 240624s9999 xx 000 0 und d
041 ## - LANGUAGE CODE
Language code of text/sound track or separate title eng
082 ## - DEWEY DECIMAL CLASSIFICATION NUMBER
Classification number 658.4056 MEI
100 ## - MAIN ENTRY--PERSONAL NAME
Personal name JORDAN MEIER JANE
245 ## - TITLE STATEMENT
Title FOUR STAGE OF HIGHLY EFFECTIVE CRISIS MA
250 ## - EDITION STATEMENT
Edition statement 11
260 ## - PUBLICATION, DISTRIBUTION, ETC.
Date of publication, distribution, etc. 2011
Place of publication, distribution, etc. New York
Name of publisher, distributor, etc. CRC Press
300 ## - PHYSICAL DESCRIPTION
Extent xxiii, : 296 : p. : cm. ; 24
365 ## - TRADE PRICE
Currency code BPS
Price amount 27
Holdings
Withdrawn status Lost status Damaged status Not for loan Home library Current library Shelving location Date acquired Source of acquisition Cost, normal purchase price Full call number Barcode Date last seen Copy number Price effective from Koha item type
        IMTN IMTN Rack 31-A 09/13/2011 BWE 38.99 658.4056 MEI 17807 06/24/2024 75.8 06/24/2024 Books
Designed & Maintained by: LRC IMT Nagpur Contact: lrc@imtnag.ac.in© 2024. All Rights Reserved.